=LDR 00000nam 2200000 4500 =001 NUTBA000000000001239 =005 20230414082448 =035 ##$$a 0010-041400000000509 =008 230414###########################0###### =020 ##$$a 978-979-22-3274-5 =082 ##$$a 380.1 =100 ##$$a Mazur, Laura =245 1#$$a Percakapan Dengan Para Master Pemasaran /$c Laura Mazur., Louella Miles =260 ##$$a Jakarta :$b Gramedia Pustaka Utama,$c 2007 =440 ##$$apercakapan dengan para master pemasaran =700 #$$a Mazur, Laura =084 ##$$a 380.1 MAZ p =300 ##$$a 271 hlm =990 ##$$a 94246/BPAP-NTB/2014 =990 ##$$a 0001/BPAP-NTB/2015 =990 ##$$a 94246/BPAP-NTB/2014 =990 ##$$a 0001/BPAP-NTB/2015 =990 ##$$a 0001/BPAP-NTB/2015 =990 ##$$a 94246/BPAP-NTB/2014 =990 ##$$a 15541554 =990 ##$$a 1202400003 =990 ##$$a 94246/BPAP-NTB/2014 =990 ##$$a 0001/BPAP-NTB/2015